Rural Ontario /

Bibliographic Details
Main Author: Blake, Verschoyle Benson
Other Authors: Greenhill, Ralph
Format: Book
Language:English
Published: [Toronto] : University of Toronto Press, [1969]
Subjects:

MARC

Tag First Indicator Second Indicator Subfields
LEADER 00000cam a2200000 4500
001 in00000263421
005 20151010053129.0
008 700106s1969 onca 00110 eng
010 |a  75436944  
015 |a C*** 
020 |a 0802015395  |c 15.00 
035 |a (OCoLC)00048737 
035 |9 ABC3343AM 
040 |a DLC  |c DLC  |d TXA  |d UtOrBLW 
049 |a TXAM  |c [703279] 
050 0 0 |a F1057.8  |b .B55 
082 0 |a 971.3/02 
100 1 |a Blake, Verschoyle Benson. 
245 1 0 |a Rural Ontario /  |c [by] Verschoyle Benson Blake [and] Ralph Greenhill. 
264 1 |a [Toronto] :  |b University of Toronto Press,  |c [1969] 
300 |a 173 pages :  |b illustrations ;  |c 30 cm. 
336 |a text  |b txt  |2 rdacontent 
337 |a unmediated  |b n  |2 rdamedia 
338 |a volume  |b nc  |2 rdacarrier 
650 0 |a Historic buildings  |z Ontario. 
700 1 |a Greenhill, Ralph. 
999 |a MARS 
999 f f |s df68c25c-47a8-3090-a0c2-65d0f1fee01c  |i 624c805c-c392-39da-b40f-b878765d8d76  |t 0 
952 f f |p ric  |a Texas A&M University  |b Rellis Campus  |c Joint Library Facility  |d Remote Storage  |t 0  |e F1057.8 .B55  |h Library of Congress classification  |i unmediated -- volume  |m A14802330822 
998 f f |a F1057.8 .B55  |t 0  |l Remote Storage